000 00590nam a22002057a 4500
005 20230331133936.0
008 230331b ||||| |||| 00| 0 eng d
020 _a9789382680246
040 _aIN-DiNC
_cIN-DiNC
041 _dasm
082 _a891.2
_bBIL
100 _aBilvamangala, Lilasuka
_eauthor
245 _aSrikrsnakarnamrtam/
_cby Lilasuka Bilvamangala
250 _a1st ed.
260 _aGuwahati:
_bAnundoram Borooah Institute of Language,
_c2017.
300 _axi, 106p.
650 _aSanskrit literature
700 _aGoswami, Ashok Kumar
_eTranslator
942 _2ddc
_cBK
999 _c11515
_d11515